000 00699nam a22002177a 4500
999 _c7665
_d7665
001 7665
003 BD-JhCC
005 20180212193739.0
008 180212b2004 bg ||||| |||| 00| 0 ben d
035 _a(BD-JhCC)7665
040 _aBD-JhCC
_dBD-JhCC
041 _aben
082 _a001
_bHOS 2004
100 _aহোসেন, মোহাম্মদ শাহাদত
245 _aবাংলাদেশ ও নতুন বিশ্ব /
_cমোহাম্মদ শাহাদত হোসেন
260 _aঢাকাঃ
_bপ্রফেসরস প্রকাশন
_c2004
300 _a648 p. :
_c22 cm.
650 _aGeneral Knowledge
942 _2ddc
_cBK